| 000 | 00676nam a2200157 i 4500 | ||
|---|---|---|---|
| 001 | 158088 | ||
| 003 | ES-MaACL | ||
| 005 | 20230906211013.0 | ||
| 008 | 020709s1885 sp |||| | spa d | ||
| 040 |
_aCCPB | B _bspa _cCCPB | B |
||
| 100 | 1 |
_aLópez y Treviño, A. _9129248 |
|
| 245 | 1 | 0 |
_aAlgunas reflexiones sobre las gestaciones extrauterinas / _cpor A. López y Treviño. |
| 260 |
_aMadrid : _b[s.n.], _c1885 ( _festablecimiento tipográfico de Enrique Teodoro) |
||
| 300 |
_a54 p. ; _c22 cm. |
||
| 852 |
_aES-MaACL _jT-371-F-3 _z-- Enc. hol. _z-- Dedicatoria ms. del autor a la biblioteca del Ateneo de Madrid _q-- Falto de la cub. original _z-- Enc. en un vol. facticio |
||
| 999 |
_c158088 _d158088 |
||